000 01997nam0a2200409 4500
001 RU\NLR\BIBL_A\011794066
005 20181010120623.0
010 _a978-5-4468-6173-6
_91500
021 _aRU
_bКН-П-18-059784
_9КН-П-18-4302
035 _a(NLR Aleph) 011794066
035 _a(RuMoRGB)009720386
090 _a11837512
_c11837512
100 _a20180918d2018 k y0rusy50 ca
101 0 _arus
102 _aRU
105 _aac||j|||000zy
200 1 _aТехнология визажа
_eучебник
_e[для студентов учреждений среднего профессионального образования по специальности 43.02.04 "Прикладная эстетика", МДК 02.02 "Технология визажа"]
_fО. А. Денисова, Е. Г. Нагоркина
210 _aМосква
_cАкадемия
_d2018
215 _a271, [1] с., [8] л. цв. ил., портр.
_cил., цв. ил.
_d22
225 1 _aПрофессиональное образование
225 1 _aУчебник
225 1 _aТОП 50
320 _aБиблиогр.: с. 267-269
606 1 _aПервая помощь
_jУчебники для среднего профессионального образования
_2nlr_sh1
_2nlr_sh2
_3RU\NLR\AUTH\6660376
606 1 _aМакияж
_jУчебники для среднего профессионального образования
_2nlr_sh1
_2nlr_sh2
_3RU\NLR\AUTH\66620561
610 0 _aвизаж
610 0 _aмакияж
610 0 _aбоди-арт
686 1 _aН937.5я723-1
686 1 _aР35,31я72-1
700 1 _aДенисова
_bО. А.
_cкосметолог-визажист
_gОльга Анатольевна
_3RU\NLR\AUTH\770195372
701 1 _aНагоркина
_bЕ. Г.
_gЕлена Геннадьевна
942 _cBOOK
980 _aNBR
980 _aNB